Geography Quiz Level: 2 - Statistics

General Stats
  • This quiz has been taken 600 times
    590 since last reset
  • The average score is 12 of 15
Answer Stats
Hint Answer % Correct
What's the southern most country in Africa South Africa
97%
what's the smallest U.S. state Rhode Island
90%
Name the country with the border of Greece, Bulgaria, Armenia, Georgia, Iran, Iraq, Syria Turkey
89%
What direction is Somalia in East
85%
Where is Mt. Kilimanjaro Tanzania
85%
What two countries are only bordered by Italy Vatican City
85%
What two countries are only bordered by Italy San Marino
84%
How many states do the Rocky Mountains go through 6
82%
What is the capital of Uruguay Montevideo
79%
In alphabetical order which country comes first Afghanistan
74%
What country has a pathway that connects the Atlantic and Pacific Ocean Panama
74%
What country has the capital of Muscat Oman
73%
What is the only k island country Kiribati
72%
What country has the capital of Baku Azerbaijan
71%
Where is Mount Elbrus Russia
62%
No matching quizzes found
Score Distribution
Percent of People with Each Score
Percentile by Number Answered
Your Score History
You have not taken this quiz since the last reset